000 01224cpcaa2200301 a 4500
001 mm 79001950
003 DLC
005 20260227111640.0
008 800102|||||||||||| eng
010 _amm 79001950
040 _aDLC
_edacs
_cDLC
_dDLC
072 7 _aW
_2lcmd
100 1 _aTilden, Samuel J.
_q(Samuel Jones),
_d1814-1886.
245 0 0 _aSamuel J. Tilden correspondence,
_f1870 April 15.
300 _a1
_fitem.
506 0 _aOpen to research.
520 8 _aLetter of introduction for Henry Brodhead, written by Tilden to James Fish, giving details of an upcoming legal case.
545 0 _aGovernor of New York and lawyer.
546 _aCollection material in English.
580 _aForms part of: Miscellaneous Manuscripts collection.
600 1 0 _aBrodhead, Henry.
600 1 0 _aFish, James,
_dactive 1870
_vCorrespondence.
650 0 _aPractice of law
_zNew York (State)
656 7 _aGovernors
_zNew York (State)
_2itoamc
656 7 _aLawyers.
_2itoamc
999 _c41048
_d41048